60s Missing Word Quiz Stats

Quiz not verified by Sporcle

Also try: 70s Missing Word
Challenge
Share
Tweet
Embed
Score 0/26 Timer 03:00
0 Plays Today
Clue Missing Word % Correct
____ Sea Scrolls, QumranDead
92.8%
Boudica, _____ of the IceniQueen
89.2%
Mount ________ earthquakeVesuvius
88%
Seneca the _______Younger
88%
Storm destroys 200 _____ in Portus harborShips
85.5%
Peter, apostle, crucified ______ downUpside
85.5%
5th recorded passage of ______'s CometHalley
84.3%
____ Tiridates IKing
84.3%
Roxolani defeated on the _____ DanubeRiver
84.3%
Year of the ____ EmperorsFour
83.1%
The ______ of Matthew is writtenGospel
81.9%
Poppea Sabina, ____ of NeroWife
81.9%
Claudia Augusta, ____ child of NeroOnly
77.1%
Clue Missing Word % Correct
St. ____ shipwrecked on MaltaPaul
77.1%
Legio _ FretensisX
75.9%
______ Maximus catches fireCircus
73.5%
St. ____, first Pope of AlexandriaMark
68.7%
Rome Senate accepts _______ GalbaEmperor
67.5%
Battle at Bedriacum, North-_____Italy
60.2%
______ of Watling StreetBattle
59%
White Horse ______erected in ChinaTemple
56.6%
Joseph of _________ visits Glastonbury (legend)Arimathea
49.4%
Germania Inferior (The ___________)Netherlands
47%
_____ the Just is martyredJames
45.8%
_______ lay siege on JerusalemZealots
37.3%
______ Caesennius PaetusLucius
31.3%

You're not logged in!

Compare scores with friends on all Sporcle quizzes.
Sign Up with Email
OR
Log In

You Might Also Like...

Show Comments

Extras

Top Quizzes Today


Score Distribution

Your Account Isn't Verified!

In order to create a playlist on Sporcle, you need to verify the email address you used during registration. Go to your Sporcle Settings to finish the process.